| 000 | 00506 a2200157 4500 | ||
|---|---|---|---|
| 082 | _aBEE-5 | ||
| 100 |
_aAli Anwar _914922 |
||
| 245 |
_aWireless Electric Power Transmission _cAli Anwar |
||
| 260 |
_aIslamabad _bNUST-SEECS _c2012 |
||
| 300 |
_a63p. _b;ill. _c;27cm.+ _eCD ROM |
||
| 500 | _aSupervisors: Mr. Yasir Iqbal, Dr. Tauseef Tauqeer | ||
| 563 | _aHB | ||
| 700 |
_aMuhammad Taha Ali, Usais Tayyab _993546 |
||
| 856 | _uhttp://10.250.8.41:8080/xmlui/handle/123456789/9232 | ||
| 942 |
_cPR _kBEE-5 ALI _2ddc |
||
| 999 |
_c11297 _d11297 |
||